[Event "PRO League Group Stage"]
[Site "chess.com INT"]
[Date "2019.02.07"]
[Round "5"]
[White "Vaibhav, Suri"]
[Black "Mohammad, Nubairshah Shaikh"]
[Result "1/2-1/2"]
[WhiteTitle "GM"]
[BlackTitle "IM"]
[WhiteElo "2590"]
[BlackElo "2437"]
[WhiteTeam "Delhi Dynamite"]
[BlackTeam "Mumbai Movers"]
[WhiteFideId "5045185"]
[BlackFideId "5053196"]
[EventDate "2019.01.08"]

1. e4 c6 2. d4 d5 3. Nc3 dxe4 4. Nxe4 Bf5 5. Ng3 Bg6 6. h4 h6 7. Nf3 e6 8. Ne5
Bh7 9. Bd3 Bxd3 10. Qxd3 Nd7 11. f4 Be7 12. Bd2 Nxe5 13. fxe5 Bxh4 14. O-O-O
Bxg3 15. Qxg3 Ne7 16. Qxg7 Rg8 17. Qxh6 Qd5 18. Kb1 O-O-O 19. Bc1 Rxg2 20. Qf6
Nf5 21. Qxf7 Rg7 22. Qf6 Rdg8 23. Rh5 Rg2 24. Rh7 a6 25. Rdh1 Kb8 26. Qf7 R2g7
27. Rxg7 Rxg7 28. Qf8+ Ka7 29. Qc5+ Qxc5 30. dxc5 Rg2 31. b4 Re2 32. Bg5 a5 33.
a4 Re4 34. bxa5 Rxa4 35. Bd8 Re4 36. Bc7 Ka6 37. Rh3 Re3 38. Rh7 Kb5 39. Kb2 Nd4
40. Bb6 Ka6 41. Rd7 Nf3 42. c4 Nxe5 43. Rd4 Rd3 44. Re4 Nd7 45. Kc2 Rh3 46. Rxe6
Rh5 47. Bc7 Rh8 48. Bd6 Kxa5 49. Re7 Nf6 50. Rxb7 Rh4 51. Kc3 Rh3+ 52. Kd4 Rh4+
53. Ke5 Ng4+ 54. Ke6 Ne3 55. Kd7 Rh7+ 56. Kxc6 Rxb7 57. Kxb7 Nxc4 58. Bf4 Kb5
59. Bd6 Na5+ 60. Kc7 1/2-1/2

[Event "PRO League Group Stage"]
[Site "chess.com INT"]
[Date "2019.02.07"]
[Round "5"]
[White "Sadhwani, Raunak"]
[Black "Gupta, Abhijeet"]
[Result "1/2-1/2"]
[WhiteTitle "IM"]
[BlackTitle "GM"]
[WhiteElo "2451"]
[BlackElo "2581"]
[WhiteTeam "Mumbai Movers"]
[BlackTeam "Delhi Dynamite"]
[WhiteFideId "35093487"]
[BlackFideId "5010608"]
[EventDate "2019.01.08"]

1. e4 c5 2. Nf3 d6 3. d4 cxd4 4. Nxd4 Nf6 5. Nc3 Nc6 6. Bg5 e6 7. Qd2 a6 8.
O-O-O Bd7 9. f4 Be7 10. Be2 O-O 11. Bf3 Qc7 12. g4 Rac8 13. Kb1 b5 14. Nxc6 Bxc6
15. Bxf6 Bxf6 16. g5 Bxc3 17. Qxc3 Rfd8 18. Rd2 a5 19. f5 b4 20. Qe3 exf5 21.
exf5 Re8 22. Qf4 a4 23. g6 a3 24. gxh7+ Kh8 25. f6 Re6 26. fxg7+ Kxh7 27. Rg1
Bxf3 28. Qxf3 Rg6 29. Rxg6 fxg6 30. Qf8 Qxg7 31. Qxg7+ Kxg7 32. bxa3 bxa3 33.
Rd3 Ra8 34. Kc1 Ra6 35. Rf3 g5 36. h3 Kg6 37. Kd2 Kh5 38. c4 Kh4 39. Kc2 Ra8 40.
Kb3 Ra7 41. Rd3 Ra6 42. Kb4 Ra8 43. Kb5 Ra7 44. Kb6 Ra4 45. Kb5 Ra8 46. Kc6 Rc8+
47. Kd5 Ra8 48. Rc3 Ra6 49. Rb3 Kh5 50. Rb4 Kh4 51. c5+ Kxh3 52. cxd6 g4 53. d7
Ra8 54. Ra4 Rxa4 55. d8=Q g3 56. Qd7+ Rg4 57. Qh7+ Rh4 58. Qf5+ Kh2 59. Qe5 Kh3
60. Qf5+ Kh2 61. Qe5 Kh3 62. Qf5+ Kh2 63. Qe5 1/2-1/2

[Event "PRO League Group Stage"]
[Site "chess.com INT"]
[Date "2019.02.07"]
[Round "5"]
[White "Raja, Harshit"]
[Black "Harikrishna, Pentala"]
[Result "1/2-1/2"]
[WhiteTitle "IM"]
[BlackTitle "GM"]
[WhiteElo "2432"]
[BlackElo "2730"]
[WhiteTeam "Mumbai Movers"]
[BlackTeam "Delhi Dynamite"]
[WhiteFideId "5089000"]
[BlackFideId "5007003"]
[EventDate "2019.01.08"]

1. e4 e5 2. Nf3 Nc6 3. Bb5 Nf6 4. O-O Nxe4 5. Re1 Nd6 6. Nxe5 Be7 7. Bf1 Nf5 8.
c3 Nxe5 9. Rxe5 d6 10. Re1 O-O 11. d4 d5 12. Bf4 Bd6 13. Bxd6 Nxd6 14. Bd3 c6
15. Nd2 Bf5 16. Bxf5 Nxf5 17. Qf3 Qg5 18. Nf1 Rae8 19. Ne3 Nxe3 20. Rxe3 Rxe3
21. Qxe3 Qxe3 22. fxe3 Re8 23. Kf2 f5 24. Rc1 Kf7 25. c4 Rd8 26. Kf3 Ke6 27. b4
dxc4 28. Rxc4 Rd5 29. a3 g6 30. h3 Kf6 31. Kf4 g5+ 32. Kf3 h5 33. h4 gxh4 34.
Kf4 Kg6 35. Rc1 a5 36. bxa5 Rxa5 37. Rb1 Rxa3 38. Rxb7 Ra2 39. Rb8 Kf6 40. Rf8+
Ke6 41. Kf3 Rc2 42. Rh8 c5 1/2-1/2

[Event "PRO League Group Stage"]
[Site "chess.com INT"]
[Date "2019.02.07"]
[Round "5"]
[White "Dordzhieva, Dinara"]
[Black "Andriasian, Zaven"]
[Result "0-1"]
[WhiteTitle "WIM"]
[BlackTitle "GM"]
[WhiteElo "2340"]
[BlackElo "2604"]
[WhiteTeam "Moscow Wizards"]
[BlackTeam "Armenia Eagles"]
[WhiteFideId "24157570"]
[BlackFideId "13302000"]
[EventDate "2019.01.08"]

1. Nf3 d5 2. g3 Bg4 3. Bg2 Nd7 4. d4 Ngf6 5. O-O e6 6. c3 Be7 7. Nbd2 O-O 8. Re1
c6 9. e4 Bh5 10. Qe2 a5 11. e5 Ne8 12. h3 c5 13. Nf1 Qb6 14. g4 Bg6 15. Ng3 Rc8
16. h4 cxd4 17. h5 d3 18. Qd2 Be4 19. Nxe4 dxe4 20. Rxe4 Nc5 21. Re1 Nc7 22. b4
axb4 23. cxb4 Na4 24. Qxd3 Nd5 25. a3 Rfd8 26. Qb3 Nac3 27. Be3 Nxe3 28. Rxe3
Nd5 29. Ree1 Rc3 30. Qb2 Rc4 31. Nh2 Nf4 32. Qb3 Rd2 33. Rf1 Rc3 34. Qa4 Rg3 35.
Rac1 Rxg2+ 36. Kh1 Rd8 37. b5 Rxf2 38. Rxf2 Qxf2 39. Rf1 Qg2# 0-1

[Event "PRO League Group Stage"]
[Site "chess.com INT"]
[Date "2019.02.07"]
[Round "5"]
[White "Dobrov, Vladimir"]
[Black "Martirosyan, Haik M."]
[Result "1-0"]
[WhiteTitle "GM"]
[BlackTitle "GM"]
[WhiteElo "2478"]
[BlackElo "2607"]
[WhiteTeam "Moscow Wizards"]
[BlackTeam "Armenia Eagles"]
[WhiteFideId "4136594"]
[BlackFideId "13306553"]
[EventDate "2019.01.08"]

1. d4 Nf6 2. c4 e6 3. Nf3 b6 4. Nc3 Bb7 5. a3 Ne4 6. Nxe4 Bxe4 7. Bf4 Be7 8. e3
O-O 9. Bd3 Bxd3 10. Qxd3 d6 11. O-O Nd7 12. h3 a5 13. b4 Qc8 14. b5 h6 15. a4
Qb7 16. e4 Rad8 17. Be3 Rfe8 18. Rab1 Bf6 19. Nd2 e5 20. d5 Bg5 21. Bxg5 hxg5
22. Qg3 f6 23. h4 gxh4 24. Qxh4 Qc8 25. Rb3 Nf8 26. Rh3 Kf7 27. Rg3 Re7 28. f4
Ke8 29. fxe5 dxe5 30. c5 bxc5 31. Qh5+ Kd7 32. Nc4 Rde8 33. d6 g6 34. Qh3+ Re6
35. Rxf6 Kd8 36. Qh4 g5 37. Qh6 Qd7 38. Rxe6 Qxe6 39. Qg7 Nd7 40. Rd3 Rg8 41.
dxc7+ Kc8 42. Qxd7+ Qxd7 43. Nb6+ Kxc7 44. Nxd7 c4 45. Rd5 c3 46. Nxe5 Kb7 47.
Rc5 Re8 48. Nc4 Re6 49. e5 c2 50. Nd6+ Rxd6 51. exd6 c1=Q+ 52. Rxc1 1-0

[Event "PRO League Group Stage"]
[Site "chess.com INT"]
[Date "2019.02.07"]
[Round "5"]
[White "Sargsyan, Shant"]
[Black "Tsydypov, Zhamsaran"]
[Result "1-0"]
[WhiteTitle "IM"]
[BlackTitle "IM"]
[WhiteElo "2486"]
[BlackElo "2545"]
[WhiteTeam "Armenia Eagles"]
[BlackTeam "Moscow Wizards"]
[WhiteFideId "13306766"]
[BlackFideId "4108566"]
[EventDate "2019.01.08"]

1. d4 Nf6 2. c4 e6 3. Nf3 d5 4. Nc3 Be7 5. g3 O-O 6. Bg2 c6 7. O-O b6 8. Qd3 Bb7
9. b3 Na6 10. Bb2 c5 11. cxd5 Nb4 12. Qd2 Nbxd5 13. Nxd5 Bxd5 14. Rfd1 Rc8 15.
Rac1 Qe8 16. dxc5 Ne4 17. Qd4 Bf6 18. Ne5 bxc5 19. Qe3 Nd6 20. Bxd5 exd5 21.
Rxd5 Nf5 22. Qf3 Nd4 23. Bxd4 cxd4 24. Rxc8 Qxc8 25. Nd7 Rd8 26. Nxf6+ gxf6 27.
Rh5 Qe6 28. Qd3 Re8 29. Qxh7+ Kf8 30. Qh6+ Ke7 31. Qd2 Rd8 32. Rc5 Rd7 33. Rc4
Qe4 34. Qd3 Qe5 35. Kg2 Kf8 36. Qf3 Rd8 37. h4 Re8 38. a4 f5 39. Rc2 Rb8 40. Rd2
Rb4 41. Rd3 Qe4 42. Qxe4 fxe4 43. Rd1 f5 44. f3 Kf7 45. g4 fxg4 46. fxg4 Ke6 47.
g5 Kf5 48. Rf1+ Kg4 49. g6 Rb6 50. g7 Rg6 51. Rg1 1-0

[Event "PRO League Group Stage"]
[Site "chess.com INT"]
[Date "2019.02.07"]
[Round "5"]
[White "Sargsyan, Anna M."]
[Black "Sjugirov, Sanan"]
[Result "0-1"]
[WhiteTitle "WFM"]
[BlackTitle "GM"]
[WhiteElo "2339"]
[BlackElo "2663"]
[WhiteTeam "Armenia Eagles"]
[BlackTeam "Moscow Wizards"]
[WhiteFideId "13308130"]
[BlackFideId "4189302"]
[EventDate "2019.01.08"]

1. d4 Nf6 2. Nf3 g6 3. Bg5 Bg7 4. Nbd2 O-O 5. c3 d6 6. e4 Nbd7 7. Be2 h6 8. Bh4
e5 9. O-O Qe8 10. Re1 Nh5 11. dxe5 dxe5 12. Nc4 Nf4 13. Ne3 Nb6 14. a4 a5 15.
Bg3 Nxe2+ 16. Rxe2 f6 17. h4 Be6 18. h5 g5 19. Nf5 Rd8 20. Rd2 Rxd2 21. Nxd2 Qd7
22. Qc2 Qf7 23. b4 Ra8 24. f3 Bf8 25. bxa5 Rxa5 26. Bf2 Qxh5 27. c4 Qe8 28. c5
Rxa4 29. Rb1 Ra2 30. Qc1 Nd5 31. exd5 Bxf5 32. Ne4 Bxe4 33. fxe4 Qa4 34. d6 cxd6
35. cxd6 Qd7 36. Qc7 Qxc7 37. dxc7 Ra8 38. Rxb7 Rc8 39. Kf1 Kf7 40. g4 Bd6 41.
Bb6 Ke7 42. Ke2 Kd7 43. Ra7 Kc6 44. Ba5 Bc5 45. Ra6+ Kb5 46. Rxf6 Kxa5 47. Rxh6
Rxc7 48. Rg6 Bd4 49. Rxg5 Rc2+ 50. Kd3 Rc3+ 51. Ke2 Re3+ 52. Kd2 Rxe4 53. Rg8
Rf4 54. g5 Rg4 55. Kd3 Kb5 56. g6 Kc6 57. g7 Kb7 58. Kc4 Ba1+ 59. Kd5 e4 60. Re8
Rxg7 61. Rxe4 Rd7+ 62. Ke6 Rd1 63. Rc4 Kb6 64. Rc2 Kb5 65. Rc8 Bd4 66. Kd5 Bb6+
67. Ke4 Bc5 68. Ke5 Kc4 69. Ke6 Re1+ 70. Kf5 Kd5 71. Rd8+ Bd6 72. Kg4 Rf1 73.
Ra8 Be5 74. Ra5+ Ke4 75. Ra4+ Bd4 76. Kg5 Rg1+ 77. Kh6 Ke5 78. Ra5+ Kf6 79. Ra6+
Kf5 80. Kh7 Rg7+ 81. Kh6 Rg8 82. Ra5+ Be5 83. Ra7 Rg1 84. Rf7+ Bf6 85. Kh7 Rh1+ 0-1

[Event "PRO League Group Stage"]
[Site "chess.com INT"]
[Date "2019.02.07"]
[Round "5"]
[White "Volkov, Nika"]
[Black "Andreikin, Dmitry"]
[Result "0-1"]
[BlackTitle "GM"]
[WhiteElo "2153"]
[BlackElo "2725"]
[WhiteTeam "Tbilisi Gentlemen"]
[BlackTeam "Volga Stormbringers"]
[WhiteFideId "13604376"]
[BlackFideId "4158814"]
[EventDate "2019.01.08"]

1. d4 Nf6 2. c4 e6 3. Nc3 Bb4 4. e3 O-O 5. Bd3 d5 6. Nf3 c5 7. O-O Nc6 8. cxd5
exd5 9. a3 Bxc3 10. bxc3 Bg4 11. dxc5 Ne5 12. Be2 Bxf3 13. gxf3 Qc7 14. Qd4 Rfe8
15. Rb1 Rad8 16. a4 Nc6 17. Qh4 Re5 18. Kh1 Qe7 19. Rg1 Rf5 20. Rg3 g6 21. Bd3
Rh5 22. Qf4 Ne5 23. Be2 Nc4 24. e4 Re5 25. Bxc4 Nh5 26. Rxb7 Nxf4 27. Rxe7 Rxe7
28. Bxf4 dxc4 29. Bd6 Rb7 30. e5 Rb1+ 31. Kg2 Ra1 32. c6 Rxa4 33. c7 Rc8 34. Rg4
f5 35. exf6 Kf7 36. Be5 Ra5 37. Re4 Rc5 38. f4 a5 39. Re2 R5xc7 40. Bxc7 Rxc7
41. Ra2 Rc5 42. Kf3 Kxf6 43. Ke4 Rh5 44. f3 Ke6 45. Kd4 Rf5 46. Kxc4 Rxf4+ 47.
Kb5 Rxf3 48. c4 Rb3+ 49. Kc5 h5 50. Rxa5 Rb2 51. h4 Rh2 52. Kb6 Rxh4 53. c5 Rb4+
54. Kc7 h4 55. c6 Rc4 56. Kb6 Kd6 57. Rg5 Rxc6+ 58. Kb5 Rc3 59. Rxg6+ Ke5 60.
Kb4 Rg3 61. Rh6 h3 62. Kc4 Ra3 63. Rh4 Ra4+ 0-1

[Event "PRO League Group Stage"]
[Site "chess.com INT"]
[Date "2019.02.07"]
[Round "5"]
[White "Paichadze, Luka"]
[Black "Frolyanov, Dmitry"]
[Result "1-0"]
[WhiteTitle "GM"]
[BlackTitle "GM"]
[WhiteElo "2583"]
[BlackElo "2517"]
[WhiteTeam "Tbilisi Gentlemen"]
[BlackTeam "Volga Stormbringers"]
[WhiteFideId "13602934"]
[BlackFideId "4151976"]
[EventDate "2019.01.08"]

1. e4 e5 2. Nc3 Nf6 3. f4 d5 4. fxe5 Nxe4 5. Nf3 Nxc3 6. bxc3 Be7 7. d4 c5 8.
Bb5+ Nc6 9. O-O O-O 10. Qe1 Bg4 11. Qg3 Bh5 12. Bg5 Bxg5 13. Nxg5 cxd4 14. Bd3
Bg6 15. e6 f5 16. h4 dxc3 17. h5 Bxh5 18. Bxf5 Rxf5 19. Rxf5 Nd4 20. Rf2 Ne2+
21. Rxe2 Bxe2 22. Qe5 Qf6 23. Qxd5 Bc4 24. Qxc4 Qxg5 25. e7+ Kh8 26. Qf7 Qc5+
27. Kh1 Qc8 28. Rf1 h6 29. Qf8+ Kh7 30. Qxc8 1-0

[Event "PRO League Group Stage"]
[Site "chess.com INT"]
[Date "2019.02.07"]
[Round "5"]
[White "Bryakin, Mikhail"]
[Black "Pantsulaia, Levan"]
[Result "0-1"]
[WhiteTitle "FM"]
[BlackTitle "GM"]
[WhiteElo "2426"]
[BlackElo "2597"]
[WhiteTeam "Volga Stormbringers"]
[BlackTeam "Tbilisi Gentlemen"]
[WhiteFideId "4165314"]
[BlackFideId "13602071"]
[EventDate "2019.01.08"]

1. d4 Nf6 2. c4 c5 3. d5 g6 4. Nc3 Bg7 5. e4 d6 6. h3 O-O 7. Bd3 e6 8. Nf3 exd5
9. exd5 Re8+ 10. Be3 Rxe3+ 11. fxe3 Qe7 12. Kf2 Nbd7 13. Qe2 a6 14. a4 Ne5 15.
Nxe5 Qxe5 16. Qf3 Bd7 17. Qf4 Qe7 18. Rhe1 Nh5 19. Qf3 Be5 20. Kg1 f5 21. Ne2
Re8 22. Nf4 Nf6 23. Ne6 Bxe6 24. dxe6 Rb8 25. Rab1 Qxe6 26. Re2 a5 27. b3 b6 28.
Rd1 h5 29. Bc2 Qd7 30. Red2 Kg7 31. Re2 Re8 32. Rde1 h4 33. Rd1 Nh5 34. Rf2 Ng3
35. Qd5 Qe7 36. Qd3 Qg5 37. Rf3 Ne4 38. Qf1 Ng3 39. Qd3 Re7 40. Qd2 Kh6 41. Qd3
Bg7 42. Re1 Bd4 43. Kh2 Re6 44. Bb1 Bxe3 45. Rfxe3 Rxe3 46. Rxe3 Nf1+ 47. Qxf1
Qxe3 48. Bd3 Kg5 49. Kh1 Kf6 50. Qd1 Ke5 51. Be2 Qd4 52. Qe1 Kf6 53. Bf3 g5 54.
Bd5 Qe5 55. Qd1 Qe3 56. Bf3 Qe5 57. Kg1 Qe3+ 58. Kf1 Qe5 59. Qd5 Qa1+ 60. Ke2
Qb2+ 61. Qd2 Qe5+ 62. Qe3 Qb2+ 63. Kf1 Qa1+ 64. Kf2 Qb2+ 65. Be2 Qe5 66. Qxe5+
dxe5 67. Ke3 e4 68. Bh5 Ke5 69. Bg6 f4+ 70. Ke2 Kd4 71. Bh7 Ke5 72. Bg6 Kd4 73.
Kd2 g4 74. Ke2 g3 75. Bf5 f3+ 76. Kf1 Ke3 77. Bg6 f2 78. Bf5 Kd3 79. Bg6 Kc3 80.
Bxe4 Kxb3 81. Ke2 Kxa4 82. Bc6+ Kb3 0-1

[Event "PRO League Group Stage"]
[Site "chess.com INT"]
[Date "2019.02.07"]
[Round "5"]
[White "Ivlev, Aleksey"]
[Black "Jobava, Baadur"]
[Result "0-1"]
[WhiteTitle "FM"]
[BlackTitle "GM"]
[WhiteElo "2326"]
[BlackElo "2629"]
[WhiteTeam "Volga Stormbringers"]
[BlackTeam "Tbilisi Gentlemen"]
[WhiteFideId "24185949"]
[BlackFideId "13601520"]
[EventDate "2019.01.08"]

1. d4 Nf6 2. c4 e6 3. Nf3 b6 4. g3 Bb7 5. Bg2 Bb4+ 6. Bd2 Bxd2+ 7. Nbxd2 O-O 8.
O-O c5 9. Rc1 cxd4 10. Nxd4 Bxg2 11. Kxg2 Qc7 12. N2f3 a6 13. b4 d6 14. Qb3 Nbd7
15. Rfd1 Rfc8 16. Qb2 Qb7 17. a4 h6 18. h3 Ne5 19. Qb3 Rc7 20. Kh2 Rac8 21. Nxe5
dxe5 22. Nf3 Qe4 23. Rd6 Qxe2 24. Re1 Qxf2+ 25. Kh1 e4 0-1

[Event "PRO League Group Stage"]
[Site "chess.com INT"]
[Date "2019.02.07"]
[Round "5"]
[White "Zakhartsov, Vladimir"]
[Black "Ehlvest, Jaan"]
[Result "1-0"]
[WhiteTitle "IM"]
[BlackTitle "GM"]
[WhiteElo "2483"]
[BlackElo "2521"]
[WhiteTeam "Moscow Phoenix"]
[BlackTeam "Estonia Horses"]
[WhiteFideId "4145097"]
[BlackFideId "4500016"]
[EventDate "2019.01.08"]

1. d4 Nf6 2. c4 e6 3. Nf3 Bb4+ 4. Nbd2 d5 5. Qc2 O-O 6. a3 Be7 7. e3 b6 8. b3 c5
9. cxd5 exd5 10. Bb2 Bb7 11. Bd3 Nbd7 12. Rc1 Rc8 13. Qb1 Bd6 14. O-O Qe7 15.
Qa1 Ne4 16. dxc5 Ndxc5 17. Bb1 f5 18. b4 Ne6 19. Be5 f4 20. Nxe4 dxe4 21. Bxd6
Qxd6 22. Qe5 Rcd8 23. Qxd6 Rxd6 24. Ne5 Rf5 25. Nc4 Rd8 26. Rfd1 Rfd5 27. Bc2
Kf8 28. Re1 Rg5 29. Rcd1 Rxd1 30. Rxd1 f3 31. g3 Rd5 32. Rxd5 Bxd5 33. Nd2 Ng5
34. h4 Nf7 35. Nxe4 Ne5 36. Nd2 h6 37. Kf1 Ke7 38. Ke1 g5 39. hxg5 hxg5 40. Bf5
a5 41. bxa5 bxa5 42. Kd1 Kf6 43. g4 Nf7 44. Be4 Bxe4 45. Nxe4+ Ke6 46. Kc2 Kd5
47. Nf6+ Kc4 48. Nd7 Kd5 49. Kd3 Ke6 50. Nb6 Ne5+ 51. Ke4 Nxg4 52. Kxf3 Nf6 53.
Nc4 a4 54. Nb6 1-0

[Event "PRO League Group Stage"]
[Site "chess.com INT"]
[Date "2019.02.07"]
[Round "5"]
[White "Narva, Mai"]
[Black "Kryakvin, Dmitry"]
[Result "0-1"]
[WhiteTitle "WIM"]
[BlackTitle "GM"]
[WhiteElo "2347"]
[BlackElo "2588"]
[WhiteTeam "Estonia Horses"]
[BlackTeam "Moscow Phoenix"]
[WhiteFideId "4500512"]
[BlackFideId "4153278"]
[EventDate "2019.01.08"]

1. e4 c5 2. Nf3 Nc6 3. d4 cxd4 4. Nxd4 e5 5. Nb5 d6 6. N1c3 a6 7. Na3 b5 8. Nd5
Nge7 9. c4 Nxd5 10. Qxd5 Bd7 11. cxb5 Nd4 12. bxa6 Be7 13. Bd2 O-O 14. Bd3 Bc6
15. Qa5 d5 16. exd5 Bxd5 17. O-O Qxa5 18. Bxa5 Bxa3 19. bxa3 e4 20. Bb6 exd3 21.
Bxd4 Rxa6 22. Rfd1 Be4 23. f3 Bg6 24. Rac1 Re8 25. Rc3 h5 26. Rd2 Rae6 27. Rc1
Ra8 28. Rc3 Kh7 29. Kf2 Rae8 30. Kg3 Re2 31. Rd1 Rxa2 32. f4 Ree2 33. Rc7 Rxg2+
34. Kf3 Rxh2 35. f5 Bxf5 36. Kf4 Kg6 37. Ra7 Rh4+ 38. Ke5 Re2+ 39. Kd5 d2 40.
Ra6+ f6 41. Bc3 Rhh2 42. Kc5 Bc2 43. Rg1+ Rhg2 44. Rxg2+ Rxg2 0-1

[Event "PRO League Group Stage"]
[Site "chess.com INT"]
[Date "2019.02.07"]
[Round "5"]
[White "Burg, Twan"]
[Black "Afanasiev, Nikita"]
[Result "1-0"]
[WhiteTitle "GM"]
[BlackTitle "FM"]
[WhiteElo "2514"]
[BlackElo "2508"]
[WhiteTeam "Estonia Horses"]
[BlackTeam "Moscow Phoenix"]
[WhiteFideId "1010697"]
[BlackFideId "24183555"]
[EventDate "2019.01.08"]

1. d4 Nf6 2. Nf3 e6 3. c4 d5 4. g3 Bb4+ 5. Bd2 Be7 6. Bg2 O-O 7. O-O Nbd7 8. Qc2
c6 9. Rd1 Ne4 10. Nc3 f5 11. Ne5 Nxe5 12. dxe5 Nxd2 13. Rxd2 Bd7 14. Qb3 Qb6 15.
e3 Kh8 16. Na4 Qxb3 17. axb3 Bb4 18. Rd3 Rfd8 19. Rad1 Be8 20. Nc3 Bh5 21. f3
Ba5 22. Ra1 Bb4 23. cxd5 exd5 24. Kf2 a6 25. h3 Bf7 26. Ne2 a5 27. Nd4 Re8 28.
f4 g6 29. g4 fxg4 30. hxg4 h6 31. Rh1 Kg7 32. Nf3 a4 33. f5 g5 34. f6+ Kg6 35.
Bf1 Be6 36. Rd4 c5 37. Bd3+ Kf7 38. Rxb4 cxb4 39. Rxh6 Rg8 40. Rh7+ Kf8 41. Nd4
Bxg4 42. e6 1-0

[Event "PRO League Group Stage"]
[Site "chess.com INT"]
[Date "2019.02.07"]
[Round "5"]
[White "Savitskiy, Sergey"]
[Black "Meshkovs, Nikita"]
[Result "0-1"]
[WhiteTitle "IM"]
[BlackTitle "GM"]
[WhiteElo "2411"]
[BlackElo "2557"]
[WhiteTeam "Moscow Phoenix"]
[BlackTeam "Estonia Horses"]
[WhiteFideId "24105660"]
[BlackFideId "11602740"]
[EventDate "2019.01.08"]

1. e4 e5 2. Nf3 Nc6 3. d4 exd4 4. Nxd4 Bc5 5. Nb3 Bb6 6. a4 a5 7. Nc3 Nf6 8. Qe2
d6 9. Be3 Bxe3 10. Qxe3 Be6 11. Nd4 Ng4 12. Qd2 Qf6 13. Nxe6 fxe6 14. h3 Nge5
15. f4 Qh4+ 16. Qf2 Qxf2+ 17. Kxf2 O-O 18. Ke3 Ng6 19. g3 Nb4 20. Kd2 d5 21. e5
Ne7 22. Ne2 Nf5 23. h4 d4 24. Bh3 Rad8 25. Ra3 c5 26. Rd1 Kf7 27. Kc1 Ne3 28.
Rg1 Nbxc2 29. Rd3 Nb4 30. Rd2 Ke7 31. Kb1 Rc8 32. Rc1 Rfd8 33. b3 Rd5 34. Kb2 c4
35. Rxd4 Nd3+ 0-1

[Event "PRO League Group Stage"]
[Site "chess.com INT"]
[Date "2019.02.07"]
[Round "5"]
[White "Adhiban, Baskaran"]
[Black "Vaibhav, Suri"]
[Result "1-0"]
[WhiteTitle "GM"]
[BlackTitle "GM"]
[WhiteElo "2689"]
[BlackElo "2590"]
[WhiteTeam "Mumbai Movers"]
[BlackTeam "Delhi Dynamite"]
[WhiteFideId "5018471"]
[BlackFideId "5045185"]
[EventDate "2019.01.08"]

1. c4 e5 2. Nc3 Nf6 3. g3 d5 4. cxd5 Nxd5 5. Bg2 Nb6 6. Nf3 Nc6 7. Rb1 Be7 8. b4
a6 9. a4 f6 10. b5 axb5 11. axb5 Nd4 12. O-O O-O 13. d3 Be6 14. Nd2 Qc8 15. e3
Nf5 16. Qc2 Rd8 17. Bb2 Nd6 18. Rfc1 Qd7 19. Nde4 Ne8 20. d4 exd4 21. exd4 Qxd4
22. Rd1 Qc4 23. Nd2 Qd3 24. Qxd3 Rxd3 25. Bxb7 Rad8 26. Re1 Kf7 27. Nf3 Nd6 28.
Bc6 Nbc4 29. Ne2 Bd5 30. Nfd4 Bxc6 31. Nxc6 Re8 32. Nf4 Rb3 33. Nd5 Rxb2 34.
Rxb2 Nxb2 35. Nxc7 Nd3 36. Re3 Ne5 37. Nxe8 Kxe8 38. Nxe7 Ndc4 39. Re2 Kxe7 40.
f4 Nd6 41. b6 Kd7 42. fxe5 fxe5 43. Rxe5 Nc4 44. b7 1-0

[Event "PRO League Group Stage"]
[Site "chess.com INT"]
[Date "2019.02.07"]
[Round "5"]
[White "Mohammad, Nubairshah Shaikh"]
[Black "Tarini, Goyal"]
[Result "0-1"]
[WhiteTitle "IM"]
[BlackTitle "WFM"]
[WhiteElo "2437"]
[BlackElo "2150"]
[WhiteTeam "Mumbai Movers"]
[BlackTeam "Delhi Dynamite"]
[WhiteFideId "5053196"]
[BlackFideId "5082749"]
[EventDate "2019.01.08"]

1. c4 e6 2. Nf3 Nf6 3. b3 d5 4. Bb2 Be7 5. e3 b6 6. Be2 Bb7 7. O-O O-O 8. Nc3 c5
9. cxd5 Nxd5 10. Rc1 Bf6 11. Qc2 Nd7 12. Rfd1 Nxc3 13. Bxc3 Bxc3 14. Qxc3 Qe7
15. d4 Rac8 16. dxc5 Nxc5 17. Qe5 h6 18. h3 a5 19. Nd4 Qg5 20. Qxg5 hxg5 21. Bf3
Bxf3 22. Nxf3 Ne4 23. Kf1 f6 24. Nd4 Rxc1 25. Rxc1 Nc5 26. Ke2 Kf7 27. Nc6 Rc8
28. Na7 Rc7 29. Nb5 Rd7 30. Rc4 Ke7 31. Rg4 e5 32. h4 f5 33. Rxg5 Kf6 34. g4 g6
35. gxf5 gxf5 36. Nc3 Rd3 37. Na4 Rd5 38. Nxb6 Rd6 39. Nc4 Ra6 40. Rh5 Kg6 41.
Rh8 e4 42. Rc8 Nd3 43. Rd8 Kg7 44. f3 a4 45. fxe4 fxe4 46. Rd6 Ra8 47. Nb6 Rf8
48. Kd2 Rf2+ 49. Kc3 a3 50. Nc4 Rxa2 51. Ra6 Ra1 52. Rxa3 Rc1+ 53. Kd4 Rh1 54.
Ra7+ Kg6 55. Ne5+ Kf5 56. Nxd3 exd3 57. Ra5+ Ke6 58. Kxd3 Rxh4 59. Rc5 Kd6 60.
Rc4 Rh5 61. b4 Rh1 62. Rf4 Rd1+ 63. Ke4 Rb1 64. Kf5 Kd5 65. e4+ Kd6 66. e5+ Ke7
67. Ke4 Rxb4+ 68. Kf5 Rb3 69. Ra4 Rf3+ 70. Ke4 Rh3 71. Ra7+ Ke6 72. Ra6+ Ke7 73.
Kd4 Rh1 74. Ra7+ Ke6 75. Ra6+ Ke7 76. Ra4 Rh4+ 77. Kd5 Rxa4 78. Kc5 Ke6 79. Kb5
Ra1 80. Kc4 Kxe5 81. Kd3 Ra4 82. Kc3 Rh4 83. Kd3 Rg4 84. Ke3 Rg3+ 85. Kf2 Ra3 0-1

[Event "PRO League Group Stage"]
[Site "chess.com INT"]
[Date "2019.02.07"]
[Round "5"]
[White "Harikrishna, Pentala"]
[Black "Sadhwani, Raunak"]
[Result "1-0"]
[WhiteTitle "GM"]
[BlackTitle "IM"]
[WhiteElo "2730"]
[BlackElo "2451"]
[WhiteTeam "Delhi Dynamite"]
[BlackTeam "Mumbai Movers"]
[WhiteFideId "5007003"]
[BlackFideId "35093487"]
[EventDate "2019.01.08"]

1. e4 e5 2. Nf3 Nf6 3. Nxe5 d6 4. Nd3 Nxe4 5. Qe2 Qe7 6. Nf4 Nc6 7. c3 Nc5 8. d4
Qxe2+ 9. Bxe2 Ne6 10. Nd3 d5 11. O-O Ne7 12. Re1 f6 13. Nd2 Kf7 14. a4 a5 15.
Nb3 b6 16. Nf4 c6 17. c4 Ng6 18. Nxe6 Bxe6 19. c5 bxc5 20. dxc5 Be7 21. Bd2 Rhb8
22. Bd1 Ne5 23. Nxa5 Bxc5 24. Nxc6 Nxc6 25. Rc1 Bxf2+ 26. Kxf2 Rxb2 27. Rxc6
Rxd2+ 28. Kg3 Bf5 29. Bh5+ Bg6 30. Rc7+ Kf8 31. Bf3 Rxa4 32. Rc8+ Kf7 33. Rc7+
Kf8 34. Ree7 Ra8 35. Red7 Re8 36. h4 Rb8 37. h5 Bf5 38. Rxg7 Be4 39. Bxe4 dxe4
40. Rxh7 Kg8 41. Rcg7+ Kf8 42. h6 Rb3+ 43. Kh2 1-0

[Event "PRO League Group Stage"]
[Site "chess.com INT"]
[Date "2019.02.07"]
[Round "5"]
[White "Gupta, Abhijeet"]
[Black "Raja, Harshit"]
[Result "1-0"]
[WhiteTitle "GM"]
[BlackTitle "IM"]
[WhiteElo "2581"]
[BlackElo "2432"]
[WhiteTeam "Delhi Dynamite"]
[BlackTeam "Mumbai Movers"]
[WhiteFideId "5010608"]
[BlackFideId "5089000"]
[EventDate "2019.01.08"]

1. d4 Nf6 2. Bf4 d5 3. e3 e6 4. Nf3 Bd6 5. Bg3 O-O 6. Nbd2 c5 7. c3 Qc7 8. Bd3
Nbd7 9. e4 cxd4 10. Nxd4 Bxg3 11. hxg3 Nc5 12. Qe2 e5 13. N4f3 Bg4 14. Bc2 Qb6
15. Rb1 h6 16. O-O Rfe8 17. Qe1 Rad8 18. Nh2 Bh5 19. exd5 Rxd5 20. Nc4 Qd8 21.
Ne3 Rd2 22. g4 Nxg4 23. Nhxg4 Bxg4 24. b4 Rxc2 25. Nxc2 Nd3 26. Qe4 Nf4 27. Rfe1
Qg5 28. Ne3 Ne2+ 29. Rxe2 Bxe2 30. Re1 Ba6 31. Rd1 b6 32. Rd7 Bb5 33. Rc7 Qf4
34. Qd5 a6 35. c4 Ba4 36. g3 Qd4 37. Qxf7+ 1-0